Vista normal
Vista MARC
Entrada Personal Name
Número de registros utilizados en: 1
001 - CONTROL NUMBER
- control field: 8528
003 - CONTROL NUMBER IDENTIFIER
- control field: OSt
005 - DATE AND TIME OF LATEST TRANSACTION
- control field: 20200810182959.0
008 - FIXED-LENGTH DATA ELEMENTS
- fixed length control field: 200810|| aca||aabn | a|a d
040 ## - CATALOGING SOURCE
- Original cataloging agency: OSt
- Transcribing agency: OSt
100 ## - HEADING--PERSONAL NAME
- Personal name: Betancur Cuartas, Belisario Antonio
670 ## - SOURCE DATA FOUND
- Source citation: Work cat.: (OSt)5748: Betancur Cuartas, Belisario Antonio, autor, El ansia y la prisa por la paz /, 1984.